| 000 | 00984nam0a22002531 4500 | ||
|---|---|---|---|
| 001 | rc\462380 | ||
| 005 | 20030616172007.2 | ||
| 035 | _a(NLR Aleph) 005706761 | ||
| 090 |
_a7335207 _c7335207 |
||
| 100 | _a20030616d1988 u |0rusy50 ca | ||
| 101 | 0 | _arus | |
| 102 | _aRU | ||
| 105 | _aa ||||||||| | ||
| 200 | 1 |
_aВлияние интеркаляции галогенов (Cl₂, Br₂, I₂) на сверхпроводимость IBA₂Cu₃O₇-δ _fА.Г. Клименко, В.И. Кузнецов, Я.Я. Медиков и др. |
|
| 210 |
_aНовосибирск _cИн-т неорган. химии _d1988 |
||
| 215 |
_a30 с. _cграф. _d21 |
||
| 225 | 1 |
_aПрепринт _fАкад. наук, Сиб. отд-ние, Ин-т неорган. химии _v88-24 |
|
| 320 | _aБиблиогр.: с. 14-15 (23 назв.) | ||
| 701 | 1 |
_aКлименко _bА. Г. |
|
| 801 | 0 |
_aRU _bNLR _gpsbo |
|
| 801 | 1 |
_aRU _bELAR _2rusmarc |
|
| 852 |
_aNLR _j89-4/515 |
||
| 942 | _cBOOK | ||
| 980 | _aNB | ||